Chuyện hay toán học /
Nhữnh điều thú vị về con số; Những câu chuyện thú vị về toán học; Cảnh quan toán học; Học khéo nói hay.
Guardado en:
| Otros Autores: | , , , |
|---|---|
| Formato: | Libro |
| Lenguaje: | Vietnamese |
| Publicado: |
Tp.HCM :
Nxb Trẻ,
2000.
|
| Materias: | |
| Etiquetas: |
Agregar Etiqueta
Sin Etiquetas, Sea el primero en etiquetar este registro!
|
| Thư viện lưu trữ: | Mạng thư viện Đại học Đà Nẵng |
|---|
| LEADER | 01116cam a2200373 i 4500 | ||
|---|---|---|---|
| 001 | 000042719 | ||
| 003 | 594 | ||
| 005 | 20041027144408.0 | ||
| 008 | 010217b2000 vm 000 vie | ||
| 020 | |c 60000 | ||
| 022 | |a T | ||
| 040 | |a IRC |c IRC |d IRC | ||
| 041 | 0 | |a vie | |
| 082 | 1 | 4 | |a 510.1 |b Ch-H |
| 245 | 0 | 0 | |a Chuyện hay toán học / |c Huy Song Tường, Ngãi Dương, Phùng Huệ Ngư, Trương Lập Tân...; Võ Mai Lý dịch. |
| 260 | |a Tp.HCM : |b Nxb Trẻ, |c 2000. | ||
| 300 | |a 405 tr. ; |c 19 cm. | ||
| 520 | 3 | |a Nhữnh điều thú vị về con số; Những câu chuyện thú vị về toán học; Cảnh quan toán học; Học khéo nói hay. | |
| 630 | 0 | 4 | |a Toán học. |
| 650 | 0 | 4 | |a Toán học, chuyện hay. |
| 700 | 1 | |a Huy Song Tường. | |
| 700 | 1 | |a Phùng Huệ Ngư. | |
| 700 | 1 | |a Ngãi Dương. | |
| 700 | 1 | |a Võ Mai Lý, |e dịch. | |
| OWN | |a DUT | ||
| 999 | |a From the UDN01 | ||
| TYP | |a Monograph | ||
| TYP | |a Printed language | ||
| 980 | |a Mạng thư viện Đại học Đà Nẵng | ||